000 00575nam a2200181 i 4500
001 135525
003 ES-MaACL
005 20230906194911.0
007 t|
008 070719s1965 sp ||||1| spa d
080 _a86-14"19"
100 1 _aTorre Vivero, Carmen de la.
_9110791
245 1 0 _aGlosas poéticas de los refranes de la capa /
_cCarmen de la Torre Vivero ; prólogo de Castillo de Lucas.
260 _aMadrid :
_b[Gráf. Cinema],
_c1965.
300 _a67 p. ;
_c21 cm.
700 1 _aCastillo de Lucas, Antonio.
_936735
852 _aES-MaACL
_jC-28693
_bR.57852
999 _c135525
_d135525